Statistics for Best University in Each State

Click here to take the quiz!

General Stats

  • This quiz has been taken 357 times
    (191 since last reset)
  • The average score is 38 of 50

Answer Stats

Overall RankStateUniversity% Correct
2MassachusettsMassachusetts Institute of Technology
95%
6PennsylvaniaUniversity of Pennsylvania
92%
5ConnecticutYale University
91%
12 (tie)New YorkColumbia University | Cornell University
90%
3 (tie)CaliforniaStanford University
90%
28 (tie)FloridaUniversity of Florida
87%
21MichiganUniversity of Michigan-Ann Arbor
87%
1New JerseyPrinceton University
86%
93 (tie)IowaUniversity of Iowa
86%
9 (tie)Rhode IslandBrown University
85%
40 (tie)WashingtonUniversity of Washington
85%
35 (tie)WisconsinUniversity of Wisconsin-Madison
85%
159 (tie)KentuckyUniversity of Kentucky
84%
24 (tie)MissouriWashington University in St. Louis
84%
115 (tie)UtahBrigham Young University | University of Utah
83%
151 (tie)KansasUniversity of Kansas
83%
249 (tie)MaineUniversity of Maine
83%
98 (tie)OregonUniversity of Oregon
83%
24 (tie)VirginiaUniversity of Virginia
83%
178 (tie)ArkansasUniversity of Arkansas
82%
170 (tie)HawaiiUniversity of Hawaii-Manoa
82%
53 (tie)MinnesotaUniversity of Minnesota-Twin Cities
82%
216 (tie)WyomingUniversity of Wyoming
81%
185 (tie)IdahoUniversity of Idaho
80%
195 (tie)NevadaUniversity of Nevada-Reno
80%
133 (tie)VermontUniversity of Vermont
80%
216 (tie)West VirginiaWest Virginia University
80%
124 (tie)OklahomaUniversity of Oklahoma
79%
18 (tie)New HampshireDartmouth College
78%
9 (tie)IllinoisNorthwestern University
78%
(394-435)AlaskaUniversity of Alaska-Fairbanks
78%
76 (tie)DelawareUniversity of Delaware
78%
163 (tie)MississippiUniversity of Mississippi
78%
236 (tie)New MexicoUniversity of New Mexico
78%
105 (tie)ArizonaArizona State University
77%
236 (tie)North DakotaUniversity of North Dakota
76%
269 (tie)South DakotaUniversity of South Dakota
76%
7 (tie)North CarolinaDuke University
75%
43 (tie)OhioThe Ohio State University
73%
18 (tie)TennesseeVanderbilt University
71%
20IndianaUniversity of Notre Dame
70%
17TexasRice University
68%
73 (tie)LouisianaTulane University
66%
93 (tie)AlabamaAuburn University
64%
304 (tie)MontanaMontana State University
60%
9 (tie)MarylandJohns Hopkins University
57%
24 (tie)GeorgiaEmory University
56%
86 (tie)South CarolinaClemson University
55%
76 (tie)ColoradoColorado School of Mines
34%
124 (tie)NebraskaCreighton University
30%

Score Distribution

Percentile by Number Answered

Percent of People with Each Score

Your Score History

You have not taken this quiz since the last reset